01926nam a2200217Ia 450000500170000000800410001704000440005804100080010208200160011010000480012624500700017426000550024430000350029949000390033450006560037350505620102950600210159165000330161265000250164565000380167020240116095315.0130821s1936 ck fr dspa  aCo-BoUCMbspacSandra YazodSandra Yazo00aspa04a070.4422201 aAncizar Basterra, Manuel Estevand1812-188210aEditoriales del Neo-GranadinocManuel Estevan Ancízar Basterra. aBogotá (Colombia)bEditorial Minerva S. A.c1936 a172, [1] páginasc18 x 14 cm 0aBiblioteca Aldeana de Colombiav63 aDetalles físicos: Sin encuadernación original. Actualmente: Encuadernación rígida (holandesa) en cartón forrado en papel jaspeado en tono azul. Lomo de tela, con letras y líneas decorativas en dorado. Cortes decorados (jaspeado azul). Guardas. Hoja de cortesía. Portada impresa en una sola tinta. Grabado con el emblema de la Colección. Texto impreso en una sola columna, con diferentes tipos y tamaños de letra. Notas de pie de página. Papel oxidado en bordes de las hojas. En la encuadernación (lomo) se indica una numeración (63). Colección Aldeana de Colombia es una selección de Samper Ortega de Literatura Colombiana.0 aD. Manuel Ancízar / Gustavo Otero Muñoz ; Editoriales de “El Neo-Granadino”: Profesión de fe ; Alianza de periódicos ; Fomento industrial ; Caminos ; Liebrtad de imprenta ; Libertad industrial ; Convención reformadora ; Partidos políticos: su carácter y naturaleza en la Nueva Granada ; Partidos políticos: faz religiosa ; Reacciones ; 20 de julio ; Remociones ; ¡Victoria! ¡Victoria! ¡Adelante! ¡Adelante! De la libertad de la prensa oposicionista ; Sobre la necesidad de conservar el prestigio del gobierno ; El Cantón de Vélez aConsulta en sala 7aEditoresxHistoriazColombia 7aHistoria de Colombia07aPeriodismo colombiano ySiglo XIX